Property investments: development guarantees (Record no. 11556)
[ view plain ]
| 000 -LEADER | |
|---|---|
| fixed length control field | 01229cab a2200229 4500 |
| 001 - CONTROL NUMBER | |
| control field | ABS39550 |
| 008 - FIXED-LENGTH DATA ELEMENTS--GENERAL INFORMATION | |
| fixed length control field | 090401t1987 xxu||||| |||| 00| 0 eng d |
| 035 ## - SYSTEM CONTROL NUMBER | |
| System control number | (Sirsi) u17420 |
| 041 ## - LANGUAGE CODE | |
| Language code of text/sound track or separate title | eng |
| 100 ## - MAIN ENTRY--PERSONAL NAME | |
| Personal name | Bond, R. |
| 245 ## - TITLE STATEMENT | |
| Title | Property investments: development guarantees |
| 260 ## - PUBLICATION, DISTRIBUTION, ETC. | |
| Date of publication, distribution, etc. | 1987 |
| 350 ## - PRICE (NR) (BK AM CF MU VM SE) [OBSOLETE] | |
| Price | 0 |
| 490 ## - SERIES STATEMENT | |
| Series statement | Estates Gazette |
| Volume/sequential designation | (8827) 9 July 1987, 30 and 91(2) |
| 520 ## - SUMMARY, ETC. | |
| Summary, etc. | This article examines the guarantees likely to be required by an institutional investor in a typical forward- funding development , whether prelet or speculative, where the investor is buying the site on day 1 or, after expiry of a "conditionality" period, a developer is being appointed to carry out the development and the developer`s interest is either being bought out when the development is completed or the developer is receiving a profit-share entitlement based on rental levels achieved where there is no prelet. Only a general outline of the guarantees which may be necessary can be given, since each development has its own features. (Journal abstract). |
| 650 ## - SUBJECT ADDED ENTRY--TOPICAL TERM | |
| Topical term or geographic name entry element | FINANCIAL INSTITUTIONS |
| 650 ## - SUBJECT ADDED ENTRY--TOPICAL TERM | |
| Topical term or geographic name entry element | FUNDING |
| 650 ## - SUBJECT ADDED ENTRY--TOPICAL TERM | |
| Topical term or geographic name entry element | INVESTMENT |
| 690 ## - LOCAL SUBJECT ADDED ENTRY--TOPICAL TERM (OCLC, RLIN) | |
| Topical term or geographic name as entry element | PROPERTY LAW AND PRACTICE |
| 942 ## - ADDED ENTRY ELEMENTS (KOHA) | |
| Suppress in OPAC | 0 |
| 948 ## - LOCAL PROCESSING INFORMATION (OCLC); SERIES PART DESIGNATOR (RLIN) | |
| c (OCLC) | 04/03/1997 |
| Withdrawn status | Lost status | Source of classification or shelving scheme | Damaged status | Not for loan | Home library | Current library | Shelving location | Date acquired | Total Checkouts | Full call number | Barcode | Date last seen | Copy number | Price effective from | Koha item type |
|---|---|---|---|---|---|---|---|---|---|---|---|---|---|---|---|
| Dewey Decimal Classification | London | London | Journal article | 14/09/1999 | ABS39550 | 17420-1001 | 06/08/2019 | 1 | 06/08/2019 | Journal article |